000 00705cab a2200169 4500
001 L130788
008 050727n2005 000 0 eng u
035 _a(Sirsi) u130788
041 _aeng
245 _aSpecial report: London boroughs north
260 _c2005
490 _aProperty Week
_v70(34) 26 August 2005, 83-96(6)
520 _aSpecial report focuses on the northern London boroughs. Contains a market overview for the office, retail, industrial and mixed used sectors in the area. Discusses the regeneration of the Archway area in Islington, and the office market in Kings Cross.
590 _aIKA300805
690 _aPROPERTY-COMMERCIAL PROPERTY-COMMERCIAL PROPERTY MARKET
942 _n0
999 _c104582
_d104582